| 000 | 00619nam a22001937a 4500 | ||
|---|---|---|---|
| 005 | 20130624124214.0 | ||
| 010 | _aENG-107715 | ||
| 020 |
_a9789382601142 _c275.00 |
||
| 035 | _aEN-91248 | ||
| 037 | _bDBAD/PUB | ||
| 100 | _aParisi, Lisa | ||
| 245 |
_aMaking connections with blogging : _cby Lisa Parisi [and] Brian Crosby _bAuthentic learning for today's classrooms / |
||
| 260 |
_aUttar Pradesh _beVookz _c2010 |
||
| 270 |
_a10,Parshawanath Edens,Sector,Alpha-11,Greater Noida _bUttar Pradesh |
||
| 300 |
_aix,125p.: _c23cm(pbk) _bill. |
||
| 500 | _aIncludes index | ||
| 700 | _aCrosby, Brian | ||
| 942 |
_2ddc _cEN _mPAR |
||
| 999 |
_c76891 _d76891 |
||